[Event "54smm B Richter/Lask2-Taufers"]
[Site "?"]
[Date "2023.01.21"]
[Round "6.5"]
[White "Innerbichler, Robert"]
[Black "Gruber, Martin"]
[Result "1-0"]
[WhiteElo "1419"]
[BlackElo "1663"]
[PlyCount "109"]
[EventDate "2023.01.21"]

1. e4 Nf6 2. Nc3 d5 3. exd5 Nxd5 4. Qf3 e6 5. Bc4 c6 6. a3 Nd7 7. Bxd5 exd5 8.
Nge2 Qf6 9. Qxf6 Nxf6 10. O-O Be7 11. d3 O-O 12. Ng3 h6 13. Bd2 Bd7 14. h3 Rfe8
15. Rfe1 Bd6 16. Rxe8+ Rxe8 17. Nce2 a6 18. Kf1 Bc5 19. Re1 Bd6 20. Bf4 Bxf4
21. Nxf4 Rxe1+ 22. Kxe1 Kf8 23. Kd2 d4 24. Ne4 Nxe4+ 25. dxe4 Be6 26. Nxe6+
fxe6 27. e5 Kf7 28. Kd3 c5 29. b4 cxb4 30. axb4 Ke7 31. Kxd4 Kd7 32. f4 b6 33.
g4 g6 34. Kc4 Kc6 35. h4 a5 36. bxa5 bxa5 37. c3 a4 38. Kb4 a3 39. Kxa3 Kd5 40.
Kb4 Ke4 41. c4 Kxf4 42. Kb5 Kxe5 43. c5 Kf4 44. c6 Kxg4 45. c7 Kxh4 46. c8=Q h5
47. Qxe6 g5 48. Qe1+ Kg4 49. Qe2+ Kh4 50. Qh2+ Kg4 51. Kc4 h4 52. Kd3 h3 53.
Ke4 Kh4 54. Kf3 g4+ 55. Kf4 1-0

[Event "54smm B Ridnaun-Merania 2"]
[Site "?"]
[Date "2023.01.21"]
[Round "6.2"]
[White "Obermueller, Johann"]
[Black "Sbalchiero, Lorenzo"]
[Result "1-0"]
[WhiteElo "1677"]
[BlackElo "1438"]
[PlyCount "63"]
[EventDate "2023.01.21"]

1. e4 c5 2. Nf3 d6 3. Bb5+ Bd7 4. Bxd7+ Nxd7 5. c3 Ngf6 6. Qe2 e5 7. d4 Be7 8.
O-O O-O 9. Nbd2 a6 10. Nc4 b5 11. dxe5 dxe5 12. Ncxe5 Nxe5 13. Nxe5 Qc7 14. Nd3
Bd6 15. e5 Rfe8 16. exd6 Qxd6 17. Qf3 Rad8 18. Nf4 Re5 19. Be3 Rf5 20. Rfd1 Nd5
21. Rxd5 Rxd5 22. Qxd5 Qxd5 23. Nxd5 Rxd5 24. Kf1 h6 25. Ke2 c4 26. Rd1 Re5 27.
Rd8+ Kh7 28. Rd7 f5 29. Kf3 Re6 30. Kf4 Rg6 31. g3 h5 32. Kxf5 1-0

[Event "54smm B Steinegg-Arci2"]
[Site "?"]
[Date "2023.01.21"]
[Round "6.1"]
[White "Benvenuto, Alexander"]
[Black "Engl, Stefan"]
[Result "0-1"]
[WhiteElo "1627"]
[BlackElo "1980"]
[PlyCount "77"]
[EventDate "2023.01.21"]

1. d4 e6 2. c4 f5 3. e4 fxe4 4. Nc3 Nf6 5. g4 h6 6. h4 d5 7. Bg2 h5 8. g5 Ng4
9. f3 exf3 10. Bxf3 Bb4 11. Bxg4 hxg4 12. Qxg4 e5 13. Qe2 Nc6 14. Bd2 Nxd4 15.
Qxe5+ Qe7 16. Qxe7+ Bxe7 17. O-O-O Bg4 18. Re1 Kd7 19. Nxd5 Bd6 20. Re4 Raf8
21. Nf6+ gxf6 22. Rxd4 Be6 23. c5 fxg5 24. cxd6 Rf1+ 25. Kc2 c5 26. Ra4 Bd5 27.
Rh2 Rxg1 28. Be3 Rg3 29. Bxc5 Rc8 30. b4 g4 31. Rxa7 Rf3 32. Kd2 g3 33. Rg2 Rh8
34. Bd4 Rxh4 35. Be5 Rh2 36. Rxh2 gxh2 37. Bxh2 Rf2+ 38. Kc3 Rxh2 39. Ra8 0-1

[Event "54smm B Steinegg-Arci2"]
[Site "?"]
[Date "2023.01.21"]
[Round "6.2"]
[White "Pichler, Martin"]
[Black "Feichter, Matthias"]
[Result "1-0"]
[WhiteElo "1870"]
[BlackElo "1576"]
[PlyCount "121"]
[EventDate "2023.01.21"]

1. e4 c5 2. Nc3 a6 3. f4 b5 4. Nf3 Bb7 5. d3 e6 6. Be2 d5 7. exd5 exd5 8. O-O
Nf6 9. Qe1 Be7 10. Bd2 O-O 11. Qg3 Nc6 12. Rae1 Re8 13. Nd1 Bd6 14. c3 Qc7 15.
Nh4 Ne7 16. Ne3 Bc8 17. Qg5 h6 18. Qg3 Qa5 19. Bg4 Nxg4 20. Nxg4 Bxg4 21. Qxg4
Qc7 22. Rf3 Kh8 23. Qh5 Ng6 24. Nxg6+ fxg6 25. Qxd5 Rxe1+ 26. Bxe1 Re8 27. Bg3
Qe7 28. h4 Bb8 29. h5 g5 30. fxg5 Bxg3 31. Rxg3 Qe1+ 32. Kh2 Qe7 33. Rf3 hxg5
34. Rf5 g4 35. Rg5 g3+ 36. Kxg3 Qe1+ 37. Kg4 Qe2+ 38. Qf3 Qe6+ 39. Kh4 Qe1+ 40.
Rg3 Qe7+ 41. Kh3 Qe5 42. Qf7 Qe6+ 43. Qxe6 Rxe6 44. d4 cxd4 45. cxd4 Kg8 46.
Rd3 Re2 47. Ra3 Rxb2 48. Rxa6 Rd2 49. Rb6 Rxa2 50. Rxb5 Rd2 51. Rd5 Kf7 52. g4
Ke6 53. Rg5 Kf6 54. Rf5+ Ke6 55. Rf4 Rd1 56. Kh4 Ra1 57. Kg5 Ra5+ 58. Kg6 Ra7
59. g5 Rd7 60. h6 gxh6 61. gxh6 1-0

[Event "54smm B Steinegg-Arci2"]
[Site "?"]
[Date "2023.01.21"]
[Round "6.3"]
[White "Hulinskyy, Viktor"]
[Black "Engl, Alexander"]
[Result "0-1"]
[WhiteElo "1571"]
[BlackElo "1850"]
[PlyCount "48"]
[EventDate "2023.01.21"]

1. d4 e6 2. c4 f5 3. e4 fxe4 4. Nc3 Nf6 5. g4 d5 6. g5 Ng8 7. Bg2 Bb4 8. Nge2
Ne7 9. O-O O-O 10. Nxe4 dxe4 11. a3 Nf5 12. axb4 Nc6 13. Bxe4 Ncxd4 14. Nxd4
Nxd4 15. Bxh7+ Kxh7 16. Qh5+ Kg8 17. Kh1 Rf5 18. f4 Bd7 19. Be3 Nc2 20. Ra5
Bc6+ 21. Kg1 Nxe3 22. Rxf5 Nxf5 23. g6 Nh6 24. Rd1 Qf6 0-1

[Event "54smm B Steinegg-Arci2"]
[Site "?"]
[Date "2023.01.21"]
[Round "6.5"]
[White "Sartore, Pascal"]
[Black "Lantschner, Alexander"]
[Result "1-0"]
[WhiteElo "1376"]
[BlackElo "1386"]
[PlyCount "75"]
[EventDate "2023.01.21"]

1. Nf3 d5 2. c4 e6 3. b3 Nf6 4. g3 Bc5 5. Bg2 Nc6 6. d4 Bb4+ 7. Bd2 Bxd2+ 8.
Nbxd2 dxc4 9. Nxc4 O-O 10. O-O a6 11. Re1 Rb8 12. Rc1 Nd5 13. Rc2 Ncb4 14. Rd2
c6 15. a3 Nc3 16. Qa1 Nbd5 17. e4 b5 18. Nce5 Bb7 19. exd5 Nxd5 20. Rc1 Rc8 21.
Rc5 Rc7 22. Rdc2 Ne7 23. Qc1 Qd6 24. Ng5 f6 25. Ne4 Qd8 26. Nf3 Qd7 27. Nc3
Rfc8 28. Qe3 Re8 29. Bh3 f5 30. Ne5 Qd6 31. Bg2 Rec8 32. Na2 g6 33. Nb4 Nd5 34.
Qd2 Ne7 35. Qc1 Rd8 36. Nbxc6 Bxc6 37. Nxc6 Rdd7 38. Nxe7+ 1-0

[Event "54smm A Merania-Arci"]
[Site "?"]
[Date "2023.01.07"]
[Round "5.1"]
[White "Bonagura, Stefano"]
[Black "Brenninger, Daniel"]
[Result "0-1"]
[WhiteElo "2213"]
[BlackElo "2101"]
[PlyCount "184"]
[EventDate "2023.01.23"]

1. c4 e5 2. g3 f5 3. d4 exd4 4. Qxd4 Nc6 5. Qd3 d6 6. Nc3 Nf6 7. Bg2 g6 8. Bf4
Bg7 9. Nf3 Qe7 10. O-O O-O 11. Qc2 Be6 12. Qa4 Nd7 13. Nd5 Bxd5 14. cxd5 Nce5
15. Nd4 Nc5 16. Qd1 Ned3 17. Ne6 Nxf4 18. gxf4 Nxe6 19. dxe6 c6 20. Qb3 d5 21.
Rad1 Rf6 22. e3 Rxe6 23. a4 Rd8 24. Rfe1 Kh8 25. a5 a6 26. Qb6 Rd7 27. Kf1 h6
28. Qb3 Kh7 29. Qb6 Qf6 30. Re2 Rde7 31. Qd8 Re8 32. Qxf6 Bxf6 33. Rc2 Bd8 34.
b4 Be7 35. Rd4 Kg7 36. Bf3 Bf6 37. Rd1 Rd6 38. Bg2 Kf7 39. Bf3 d4 40. Rcd2 Red8
41. Rd3 Ke7 42. e4 fxe4 43. Bxe4 Bg7 44. Re1 Kf7 45. f5 g5 46. f3 Re8 47. h3
Be5 48. Rc1 Bf4 49. Rc4 Be3 50. Kg2 Kf6 51. Rc5 h5 52. Rc2 h4 53. Re2 Ke5 54.
Rc2 Kf4 55. Rc5 Rxe4 56. fxe4 Kxe4 57. Rd1 d3 58. Rc4+ Kxf5 59. Kf3 Bf4 60.
Rc5+ Ke6 61. Re1+ Kd7 62. Rf5 Rd4 63. Rf7+ Kd6 64. Re8 Rxb4 65. Rd8+ Kc5 66.
Rxd3 Kc4 67. Rdd7 Rb3+ 68. Kf2 b6 69. axb6 Rxb6 70. Ra7 Rb2+ 71. Kf3 Rb3+ 72.
Kg2 Rg3+ 73. Kf1 Ra3 74. Kg2 a5 75. Rf5 c5 76. Ra8 Kb4 77. Rc8 c4 78. Rfc5 Rg3+
79. Kf1 c3 80. Rc4+ Kb3 81. R4c5 a4 82. Rb5+ Ka2 83. Ra8 a3 84. Rc8 Rxh3 85.
Ke2 Rh2+ 86. Kd3 Rb2 87. Ra5 h3 88. Rxc3 Bd6 89. Rc1 h2 90. Ra6 Bf4 91. Rc3 Rb3
92. Rh6 g4 0-1

[Event "54smm A Merania-Arci"]
[Site "?"]
[Date "2023.01.21"]
[Round "6.1"]
[White "Olivetti, Davide"]
[Black "Bonagura, Stefano"]
[Result "1-0"]
[WhiteElo "2213"]
[BlackElo "2064"]
[PlyCount "197"]
[EventDate "2023.01.23"]

1. e4 c6 2. d4 d5 3. Nc3 g6 4. h3 Bg7 5. Nf3 Nh6 6. Bf4 f6 7. exd5 cxd5 8. Nb5
Na6 9. c4 Nf7 10. cxd5 Qxd5 11. Be2 O-O 12. O-O Bd7 13. Nc3 Qf5 14. Be3 Nb4 15.
d5 Qc2 16. Qd4 Na6 17. Bxa6 bxa6 18. Qb4 Nd6 19. Ne1 a5 20. Qa3 Qf5 21. g4 Nc4
22. gxf5 Nxa3 23. bxa3 Bxf5 24. Kh2 Rfc8 25. Rc1 Rc4 26. Nf3 Rac8 27. Nb5 a6
28. Nbd4 Rxc1 29. Rxc1 Rxc1 30. Bxc1 Be4 31. d6 exd6 32. Bd2 a4 33. Bb4 d5 34.
Nd2 Bd3 35. Ne6 Bh6 36. Kg3 Be2 37. Nf4 Bb5 38. Nxd5 Kf7 39. Bc3 f5 40. Nf3 Bc1
41. Ne5+ Ke6 42. Nb4 Bxa3 43. Nf3 Bc4 44. Nd4+ Kd7 45. Ndc2 Bc1 46. Ne3 Bb5 47.
Nbc2 Bd3 48. Ne1 Bb1 49. Kf4 Bxa2 50. Nd3 Ba3 51. Ke5 Bf8 52. Kf6 Bb3 53. Ne5+
Kc7 54. Ba5+ Kb7 55. N3c4 a3 56. Bc3 Kc7 57. Ba5+ Kb7 58. Bc3 Kc8 59. h4 a2 60.
h5 gxh5 61. Kxf5 h4 62. Kg4 Be7 63. f4 Bd1+ 64. Kh3 Be2 65. Ne3 a5 66. Nd5 Bf1+
67. Kh2 Bb4 68. Nxb4 axb4 69. Ba1 h3 70. Kg3 Kc7 71. f5 Kd6 72. f6 Ke6 73. f7
Ke7 74. Bd4 a1=Q 75. Bxa1 Bc4 76. Nxc4 Kxf7 77. Ne5+ Ke6 78. Nd3 Kf5 79. Nxb4
h2 80. Kxh2 Kg4 81. Nd3 Kh4 82. Kg2 Kg4 83. Be5 Kf5 84. Kf3 Kg5 85. Ke4 Kg4 86.
Nf2+ Kg5 87. Nd1 Kg4 88. Ne3+ Kg5 89. Bc3 Kh5 90. Kf5 Kh4 91. Be5 Kh3 92. Kg5
h5 93. Kf5 h4 94. Kf4 Kh2 95. Kf3+ Kh3 96. Bd4 Kh2 97. Nf5 h3 98. Kf2 Kh1 99.
Be5 1-0

[Event "54smm A Merania-Arci"]
[Site "?"]
[Date "2023.01.21"]
[Round "6.2"]
[White "Lami, Damiano"]
[Black "De Vita, Gianni"]
[Result "1-0"]
[WhiteElo "2039"]
[BlackElo "1959"]
[PlyCount "69"]
[EventDate "2023.01.23"]

1. e4 c5 2. d4 cxd4 3. c3 Nf6 4. e5 Nd5 5. Nf3 Nc6 6. Bc4 e6 7. Bxd5 exd5 8.
O-O Be7 9. Qb3 d6 10. exd6 Qxd6 11. cxd4 O-O 12. Nc3 Rd8 13. Nb5 Qb4 14. Nc7
Qxb3 15. axb3 Rb8 16. Bf4 a6 17. Rfe1 Bb4 18. Re8+ Rxe8 19. Nxe8 Ra8 20. Nc7
Ra7 21. Nxd5 Be6 22. Nb6 Ba5 23. Rxa5 Nxa5 24. Bb8 Nc6 25. Bxa7 Nxa7 26. d5 Bf5
27. Na4 Nc8 28. Nd4 Bd7 29. f3 Kf8 30. Kf2 Ke7 31. Ke3 b5 32. Nc5 Be8 33. Nf5+
Kf6 34. Ke4 g6 35. Ng3 1-0

[Event "54smm A Merania-Arci"]
[Site "?"]
[Date "2023.01.21"]
[Round "6.3"]
[White "Zanmarchi, Massimo"]
[Black "Zuev, Mikhail"]
[Result "1-0"]
[WhiteElo "1936"]
[BlackElo "1726"]
[PlyCount "55"]
[EventDate "2023.01.23"]

1. e4 c5 2. Nf3 Nc6 3. d4 cxd4 4. Nxd4 d6 5. Nc3 Nf6 6. Bg5 Nd7 7. Be2 h6 8.
Be3 Nxd4 9. Qxd4 Ne5 10. h3 Nc6 11. Qd2 Be6 12. f4 g6 13. g4 Bg7 14. f5 gxf5
15. gxf5 Bd7 16. Rg1 Bxc3 17. Qxc3 Ne5 18. Bd4 e6 19. Bxe5 dxe5 20. O-O-O Qb6
21. fxe6 Bxe6 22. Qxe5 Ke7 23. Bc4 Rad8 24. Bxe6 Qxe6 25. Qc5+ Ke8 26. Rxd8+
Kxd8 27. Rd1+ Ke8 28. Qd4 1-0

[Event "54smm A Merania-Arci"]
[Site "?"]
[Date "2023.01.21"]
[Round "6.4"]
[White "Battiston, Claudio"]
[Black "Perino, Alberto"]
[Result "1/2-1/2"]
[WhiteElo "1806"]
[BlackElo "1895"]
[PlyCount "113"]
[EventDate "2023.01.23"]

1. e4 d6 2. d4 Nf6 3. Nc3 Nbd7 4. Nf3 e5 5. Bc4 Be7 6. O-O O-O 7. Bg5 c6 8. a4
Re8 9. h3 Nh5 10. Be3 Nf4 11. Bxf4 exf4 12. Qd2 g5 13. Rfe1 Bf6 14. Rad1 Bg7
15. b4 Nf8 16. d5 Ng6 17. dxc6 bxc6 18. b5 g4 19. hxg4 Bxg4 20. Be2 Qf6 21. e5
Nxe5 22. Nxe5 Bxe2 23. Rxe2 dxe5 24. Ne4 Qg6 25. f3 cxb5 26. Qa5 bxa4 27. Rd6
Re6 28. Red2 Bf8 29. Rxe6 Qxe6 30. Qxa4 Qb6+ 31. Kh2 Rb8 32. Rd1 a5 33. Qd7
Qh6+ 34. Kg1 Qb6+ 35. Kh2 Rb7 36. Qf5 Qh6+ 37. Kg1 Qb6+ 38. Kh2 Qh6+ 39. Kg1
Qg7 40. Nf6+ Kh8 41. Ne8 Qg6 42. Qxe5+ f6 43. Nxf6 Re7 44. Qc3 Rg7 45. Rd2 h5
46. Re2 Qg5 47. Kf1 Qh4 48. Kg1 Qg5 49. Nd7 Be7 50. Qc8+ Kh7 51. Qc6 h4 52.
Qe4+ Kh6 53. Qe6+ Kh7 54. Qe5 Kh8 55. Qe6 Kh7 56. Qe4+ Kh8 57. Qe6 1/2-1/2

[Event "54smm A Merania-Arci"]
[Site "?"]
[Date "2023.01.21"]
[Round "6.5"]
[White "D'Ambrosio, Luca"]
[Black "Kaserer, Hanspeter"]
[Result "0-1"]
[WhiteElo "1721"]
[BlackElo "1663"]
[PlyCount "110"]
[EventDate "2023.01.23"]

1. d4 Nf6 2. Bg5 e6 3. e4 Be7 4. Bxf6 Bxf6 5. e5 Be7 6. Qg4 O-O 7. Bd3 d6 8.
Nc3 Nc6 9. Qe4 g6 10. h4 f6 11. exf6 Bxf6 12. Nf3 d5 13. Qe3 e5 14. dxe5 Nxe5
15. O-O-O Nxd3+ 16. Qxd3 c6 17. h5 Bg5+ 18. Kb1 Bf5 19. Qd4 Bf6 20. Qd2 Qc7 21.
hxg6 Bxg6 22. Nd4 Rae8 23. f4 Bxd4 24. Qxd4 Rxf4 25. Qxa7 Ref8 26. Qe3 Rf2 27.
Rd2 Rxd2 28. Qxd2 Qg3 29. Re1 Rf2 30. Ne2 Qxg2 31. Qe3 Rf1 32. Rxf1 Qxf1+ 33.
Nc1 Qf5 34. Nd3 h5 35. Qg3 Kh7 36. Qc7+ Qf7 37. Qxf7+ Bxf7 38. Kc1 Kh6 39. Kd2
Kg5 40. Ke3 h4 41. Kf3 Kf5 42. Nc5 b6 43. Nd7 b5 44. b3 Bh5+ 45. Kg2 Bd1 46. c3
Kf4 47. Nc5 Ke3 48. a4 bxa4 49. bxa4 Kd2 50. a5 Be2 51. Na4 Bb5 52. Nc5 Kxc3
53. a6 Bxa6 54. Nxa6 d4 55. Nc5 d3 0-1

[Event "54smm A Merania-Arci"]
[Site "?"]
[Date "2023.01.21"]
[Round "6.6"]
[White "Maestri, Alessandro"]
[Black "Rinaldo, Gaetano"]
[Result "0-1"]
[WhiteElo "1528"]
[BlackElo "1643"]
[PlyCount "76"]
[EventDate "2023.01.23"]

1. e4 e6 2. d4 d5 3. exd5 exd5 4. Nf3 Nc6 5. Be2 Nf6 6. Bg5 Be7 7. Nbd2 Bf5 8.
c3 h6 9. Bxf6 Bxf6 10. h3 O-O 11. O-O a6 12. Re1 Qd7 13. Nf1 Rfe8 14. Ng3 Bg6
15. Qd2 b5 16. a3 Na5 17. Qd1 Nc4 18. Bxc4 bxc4 19. Ne5 Bxe5 20. Rxe5 Rxe5 21.
dxe5 Rb8 22. Qd2 Qe6 23. f4 Qb6+ 24. Kh2 Qxb2 25. Qxb2 Rxb2 26. f5 Bh7 27. Re1
Kf8 28. e6 Ke7 29. exf7+ Kxf7 30. Re6 Rb6 31. Rxb6 cxb6 32. Kg1 Kf6 33. Kf2
Bxf5 34. Ke3 Ke5 35. Ne2 Be4 36. g3 g5 37. h4 Kf5 38. Nd4+ Kg4 0-1

[Event "54smm A Arci-Richter/Lask"]
[Site "?"]
[Date "2023.02.11"]
[Round "7.1"]
[White "Moncher, Stefano"]
[Black "Olivetti, Davide"]
[Result "1/2-1/2"]
[WhiteElo "2169"]
[BlackElo "2064"]
[PlyCount "123"]
[EventDate "2023.02.11"]

1. e4 c6 2. d4 d5 3. Nc3 dxe4 4. Nxe4 Nf6 5. Nxf6+ exf6 6. c3 Na6 7. Bd3 Nc7 8.
Ne2 Bd6 9. O-O Be6 10. Bf4 O-O 11. Qd2 Nd5 12. Bxd6 Qxd6 13. c4 Ne7 14. Rfd1
Bf5 15. Qf4 Qxf4 16. Nxf4 Rfd8 17. d5 Bxd3 18. Rxd3 cxd5 19. Rad1 Kf8 20. Kf1
Rac8 21. b3 Rc5 22. a4 g5 23. Nxd5 Nxd5 24. cxd5 Rd6 25. g4 Ke7 26. Ke2 f5 27.
gxf5 Kf6 28. Rh3 Rdxd5 29. Rxd5 Rxd5 30. Rxh7 Re5+ 31. Kf1 Rxf5 32. Rh3 Ke6 33.
Rc3 Rf4 34. Kg2 f6 35. Rd3 Rb4 36. Kg3 Rf4 37. Re3+ Kd5 38. Rd3+ Ke6 39. Re3+
Kf7 40. Rc3 Rb4 41. f4 gxf4+ 42. Kf3 Kg6 43. Kg4 a5 44. Rc5 f5+ 45. Kh4 Rxb3
46. Rxa5 Rb2 47. Kh3 Rb3+ 48. Kh4 Rb2 49. Kh3 f3 50. Kg3 f2 51. Kg2 f1=B+ 52.
Kxf1 Rxh2 53. Rb5 Rh7 54. Kg2 Kg5 55. a5 Kg4 56. Rb6 Rc7 57. a6 bxa6 58. Rxa6
Rc2+ 59. Kf1 Rc3 60. Kf2 Rc2+ 61. Kf1 f4 62. Ra3 1/2-1/2

[Event "54smm A Arci-Richter/Lask"]
[Site "?"]
[Date "2023.02.11"]
[Round "7.2"]
[White "De Vita, Gianni"]
[Black "Bodrov, Timofey"]
[Result "1/2-1/2"]
[WhiteElo "1959"]
[BlackElo "2104"]
[PlyCount "52"]
[EventDate "2023.02.11"]

1. e4 c5 2. Nf3 Nc6 3. b4 cxb4 4. d4 d5 5. exd5 Qxd5 6. c4 bxc3 7. Nxc3 Qa5 8.
d5 Qxc3+ 9. Bd2 Qf6 10. dxc6 bxc6 11. Be2 Bd7 12. O-O h6 13. Qb3 Qd6 14. Bb4
Qc7 15. Bc4 e6 16. Bxf8 Kxf8 17. Rfe1 Nf6 18. Ne5 Rb8 19. Qg3 Qb6 20. Bd3 Qd8
21. Be4 Be8 22. Bxc6 Rc8 23. Bb7 Rc7 24. Red1 Qe7 25. Bf3 g6 26. h3 Kg7 1/2-1/2

[Event "54smm A Arci-Richter/Lask"]
[Site "?"]
[Date "2023.02.11"]
[Round "7.3"]
[White "Bevilacqua, Maurizio"]
[Black "Zammarchi, Massimo"]
[Result "1/2-1/2"]
[WhiteElo "2084"]
[BlackElo "1936"]
[PlyCount "52"]
[EventDate "2023.02.11"]

1. d4 f5 2. g3 g6 3. Bg2 Bg7 4. Nh3 d6 5. c3 Nf6 6. Nf4 c6 7. h4 e5 8. dxe5
dxe5 9. Qxd8+ Kxd8 10. Nd3 Nbd7 11. Na3 Ke7 12. Nc4 e4 13. Nf4 Nd5 14. h5 N7b6
15. Nxb6 axb6 16. hxg6 Nxf4 17. Bxf4 hxg6 18. Bg5+ Kf7 19. Rxh8 Bxh8 20. f3
exf3 21. exf3 Be6 22. a3 Bf6 23. Be3 b5 24. Rd1 Re8 25. Kf2 Bd5 26. Bf1 Rh8
1/2-1/2

[Event "54smm A Arci-Richter/Lask"]
[Site "?"]
[Date "2023.02.11"]
[Round "7.4"]
[White "Perino, Alberto"]
[Black "Billio, Atto"]
[Result "1-0"]
[WhiteElo "1895"]
[BlackElo "2021"]
[PlyCount "47"]
[EventDate "2023.02.11"]

1. e4 c5 2. c3 d5 3. exd5 Qxd5 4. d4 g6 5. Nf3 Bg7 6. Na3 cxd4 7. Nb5 Na6 8.
Nbxd4 Nf6 9. Be2 O-O 10. O-O Bd7 11. Re1 Rfe8 12. Bxa6 bxa6 13. Ne5 Bc8 14. c4
Qa5 15. Bf4 Nh5 16. Nec6 Qc5 17. b4 Qxc4 18. Rc1 Qd5 19. Rxe7 Bb7 20. Rxb7 Nxf4
21. Nf3 Ne2+ 22. Kf1 Qxa2 23. Rc2 Qe6 24. Qxe2 1-0

[Event "54smm A Arci-Richter/Lask"]
[Site "?"]
[Date "2023.02.11"]
[Round "7.5"]
[White "Kowalczyk, Martin"]
[Black "D'Ambrosio, Luca"]
[Result "0-1"]
[WhiteElo "1782"]
[BlackElo "1721"]
[PlyCount "98"]
[EventDate "2023.02.11"]

1. Nf3 d5 2. g3 Nf6 3. Bg2 g6 4. c4 c6 5. O-O Bg7 6. cxd5 cxd5 7. d4 O-O 8. Nc3
e6 9. Bg5 Nbd7 10. Qd2 Re8 11. Ne5 a6 12. Rac1 Qa5 13. Nxd5 Qxd2 14. Nxf6+ Bxf6
15. Bxd2 Nxe5 16. dxe5 Bxe5 17. Bc3 Bxc3 18. Rxc3 Bd7 19. Rc7 Bb5 20. Rxb7 Bxe2
21. Re1 Bb5 22. Rxb5 axb5 23. Bxa8 Rxa8 24. a3 Kf8 25. Rc1 Rb8 26. Rc7 Kg7 27.
f4 h6 28. Kf2 Kf6 29. h4 Rd8 30. Ke3 Rd6 31. Rc5 Rb6 32. Ke4 h5 33. Kd4 Rb7 34.
Kc3 Ke7 35. Kb4 Kd6 36. Rxb5 Rc7 37. a4 Rc2 38. Ka5 f6 39. Kb6 e5 40. fxe5+
fxe5 41. a5 e4 42. a6 Rc6+ 43. Kb7 Rc7+ 44. Kb8 Re7 45. Rb6+ Kc5 46. Rb7 Re8+
47. Kc7 e3 48. b4+ Kc4 49. Rb6 e2 0-1

[Event "54smm A Arci-Richter/Lask"]
[Site "?"]
[Date "2023.02.11"]
[Round "7.6"]
[White "Rinaldo, Gaetano"]
[Black "Pardeller, Arthur"]
[Result "1-0"]
[WhiteElo "1643"]
[BlackElo "1534"]
[PlyCount "77"]
[EventDate "2023.02.11"]

1. g3 d5 2. c4 dxc4 3. Qa4+ Nc6 4. Bg2 Bd7 5. Qxc4 Nf6 6. Nf3 e6 7. O-O a6 8.
b3 Nb4 9. Bb2 Bb5 10. Bxf6 Bxc4 11. Bxd8 Rxd8 12. bxc4 Nc2 13. Nc3 Nxa1 14.
Rxa1 Be7 15. Rb1 b6 16. d4 Bf6 17. e3 O-O 18. Ne4 Be7 19. Ne5 f5 20. Nc3 Bf6
21. Nc6 Rd6 22. a4 a5 23. Nb5 Rd7 24. Re1 g5 25. f4 Rg7 26. Rc1 h5 27. c5 gxf4
28. exf4 h4 29. Kf2 Kh8 30. cxb6 cxb6 31. Re1 Rfg8 32. Bf3 hxg3+ 33. hxg3 Rh7
34. Rxe6 Rh2+ 35. Bg2 Bg7 36. d5 Bh6 37. Ne7 Rg4 38. Nxf5 Bxf4 39. Kf3 1-0

[Event "54smm A Deutschnofen-Merania"]
[Site "?"]
[Date "2023.02.11"]
[Round "7.1"]
[White "Bonagura, Stefano"]
[Black "Thurner, Markus"]
[Result "1-0"]
[WhiteElo "2213"]
[BlackElo "1891"]
[PlyCount "82"]
[EventDate "2023.02.11"]

1. c4 e5 2. g3 Nc6 3. Bg2 g6 4. Nc3 Bg7 5. e4 d6 6. Nge2 Nge7 7. d3 Bg4 8. f3
Be6 9. Nd5 h6 10. O-O O-O 11. Rb1 f5 12. b4 Qd7 13. Be3 Nd8 14. Qd2 Kh7 15. d4
Ng8 16. c5 c6 17. Ndc3 Nf6 18. cxd6 fxe4 19. dxe5 exf3 20. Rxf3 Ng4 21. Rxf8
Bxf8 22. Ne4 Bg7 23. Bd4 Nxe5 24. Qc3 Ndf7 25. Rf1 Bf5 26. Nc5 Qxd6 27. Nxb7
Qc7 28. Na5 Ng5 29. Bxe5 Bxe5 30. Qxc6 Rd8 31. Qxc7+ Bxc7 32. h4 Ne6 33. Nb3
Kg7 34. Bf3 h5 35. Kg2 Bd3 36. Rc1 Bb6 37. Rc6 Bxe2 38. Bxe2 Nd4 39. Nxd4 Rxd4
40. a3 Rd2 41. Kf3 Rd7 1-0

[Event "54smm A Deutschnofen-Merania"]
[Site "?"]
[Date "2023.02.11"]
[Round "7.2"]
[White "Tonina, Filippo"]
[Black "Lami, Damiano"]
[Result "0-1"]
[WhiteElo "1953"]
[BlackElo "2039"]
[PlyCount "55"]
[EventDate "2023.02.11"]

1. d4 d5 2. c4 e6 3. Nc3 Be7 4. cxd5 exd5 5. Qc2 Nf6 6. Bg5 Nbd7 7. e3 O-O 8.
Bd3 c5 9. Nge2 c4 10. Bf5 h6 11. Bh4 Re8 12. O-O Nb6 13. f3 Bd6 14. Bxc8 Rxc8
15. Bxf6 Qxf6 16. e4 Bf4 17. e5 Be3+ 18. Kh1 Qh4 19. f4 f6 20. Rf3 fxe5 21. g3
Qf6 22. Rxe3 exd4 23. Rxe8+ Rxe8 24. Nxd4 Qxd4 25. Rd1 Qe3 26. Qd2 Qf3+ 27. Kg1
Re3 28. Qg2 0-1

[Event "54smm A Deutschnofen-Merania"]
[Site "?"]
[Date "2023.02.11"]
[Round "7.3"]
[White "Zuev, Mikhail"]
[Black "Welsch, Ulrich"]
[Result "1-0"]
[WhiteElo "1726"]
[BlackElo "1797"]
[PlyCount "62"]
[EventDate "2023.02.11"]

1. d4 e6 2. Nf3 Nf6 3. c4 Bb4+ 4. Bd2 Qe7 5. e3 b6 6. a3 Bxd2+ 7. Nbxd2 Bb7 8.
Bd3 O-O 9. b4 d6 10. Qc2 c5 11. O-O Nbd7 12. Ng5 g6 13. Nge4 Rac8 14. bxc5 bxc5
15. dxc5 Nxc5 16. Nxf6+ Qxf6 17. Ne4 Qe7 18. Nxc5 Rxc5 19. Rfc1 Rfc8 20. Ra2
Qh4 21. f4 Bd5 22. g3 Qf6 23. Qa4 Qe7 24. Rac2 Ba8 25. Bf1 Qc7 26. Rb2 Bd5 27.
Rb5 Rc6 28. Rb4 Qe7 29. Rd1 Bf3 30. Rd2 Rc5 31. Kf2 Be4 1-0

[Event "54smm A Deutschnofen-Merania"]
[Site "?"]
[Date "2023.02.11"]
[Round "7.5"]
[White "Gibitz, Othmar"]
[Black "Battiston, Claudio"]
[Result "1/2-1/2"]
[WhiteElo "1632"]
[BlackElo "1806"]
[PlyCount "48"]
[EventDate "2023.02.11"]

1. e4 e5 2. Nf3 Nc6 3. d4 exd4 4. Bc4 Nf6 5. e5 d5 6. Bb5 Ne4 7. Nxd4 Bd7 8.
Bxc6 bxc6 9. O-O Be7 10. f3 Ng5 11. Bxg5 Bxg5 12. f4 Be7 13. Qh5 g6 14. Qe2 Bc5
15. c3 O-O 16. Kh1 Qe7 17. Nd2 Rae8 18. N2f3 Bb6 19. b4 c5 20. Nc2 Bf5 21. bxc5
Qxc5 22. Ncd4 Be4 23. Rac1 Qc4 24. Qf2 Bxf3 1/2-1/2

[Event "54smm A Deutschnofen-Merania"]
[Site "?"]
[Date "2023.02.11"]
[Round "7.5"]
[White "Kaserer, Hanspeter"]
[Black "Hofer, Alois"]
[Result "1/2-1/2"]
[WhiteElo "1663"]
[BlackElo "1669"]
[PlyCount "26"]
[EventDate "2023.02.11"]

1. d4 d5 2. c4 c6 3. Nf3 Bg4 4. e3 e6 5. Be2 Nf6 6. Bd2 Bd6 7. O-O Nbd7 8. Nc3
O-O 9. h3 Bh5 10. Bd3 dxc4 11. Bxc4 e5 12. dxe5 Nxe5 13. Be2 Bxf3 1/2-1/2

[Event "54smm A Deutschnofen-Merania"]
[Site "?"]
[Date "2023.02.11"]
[Round "7.6"]
[White "Pichler, Hubertus"]
[Black "Sbalchiero, Lorenzo"]
[Result "1/2-1/2"]
[WhiteElo "1555"]
[BlackElo "1432"]
[PlyCount "31"]
[EventDate "2023.02.11"]

1. d4 Nf6 2. Nf3 e6 3. e3 d5 4. c4 c6 5. Nc3 Nbd7 6. Bd2 Be7 7. Be2 a6 8. O-O
O-O 9. a3 Qc7 10. Rc1 Nb6 11. c5 Nbd7 12. b4 Re8 13. Re1 Nf8 14. Rb1 Ng4 15.
Qc2 e5 16. dxe5 1/2-1/2

[Event "54smm A Ehrenburg-Naturns"]
[Site "?"]
[Date "2023.02.11"]
[Round "7.1"]
[White "Unterthurner, Hans"]
[Black "Hengl, Christian"]
[Result "1/2-1/2"]
[WhiteElo "1915"]
[BlackElo "2136"]
[PlyCount "134"]
[EventDate "2023.02.11"]

1. e4 c6 2. d4 d5 3. exd5 cxd5 4. c4 Nf6 5. Nc3 Nc6 6. Nf3 Bg4 7. Be2 e6 8.
cxd5 Nxd5 9. O-O Be7 10. Re1 O-O 11. Nxd5 Qxd5 12. Be3 Rfd8 13. Qa4 a6 14. Rac1
b5 15. Qc2 Nb4 16. Qb3 Nxa2 17. Qxd5 exd5 18. Rc7 Bd6 19. Rc6 Nb4 20. Rc3 f6
21. h3 Bd7 22. Nd2 Nc6 23. Ra1 Re8 24. Nb3 Bb4 25. Rc2 Bd6 26. Nc5 Nb4 27. Rc3
Bf5 28. Bf3 Be4 29. Nxe4 dxe4 30. Bg4 Re7 31. Be2 Rb7 32. f3 Nd5 33. Rb3 Nxe3
34. Rxe3 Raa7 35. fxe4 Rc7 36. Rc3 Kf8 37. Rxc7 Bxc7 38. Bxb5 Bb6 39. Rxa6
Bxd4+ 40. Kf1 Rb7 41. Bc4 Rxb2 42. Ra2 Rb4 43. Rc2 h5 44. Be6 Ke7 45. Bf5 Kd6
46. g3 Rb3 47. Rg2 Ke5 48. Bg6 h4 49. gxh4 Kf4 50. Bh5 Rxh3 51. Rg4+ Ke5 52.
Kg2 Ra3 53. Bg6 Be3 54. Bf5 Ra2+ 55. Kf3 Ra3 56. Rg2 Bg5+ 57. Kg4 Bh6 58. Rb2
Kd4 59. Re2 Ra1 60. Kf3 Rh1 61. Kg3 Ke5 62. Rg2 Bf4+ 63. Kg4 Bh6 64. Bg6 Be3
65. Kf3 Bh6 66. Kg4 Be3 67. Kf3 Bh6 1/2-1/2